00341nam a22001097a 4500008004100000100002800041245009000069260000900159300001500168650001700183773003100200190424b ||||| |||| 00| 0 eng d aMIcklitz, Hans W. et al aDissemination of consumer law and policy in Africa, Asia, the Americas, and Australia c2018 ap.303-307. aConsumer law aJournal of Consumer Policy